|
|
|
|
| LEADER |
00951nam a2200253 a 4500 |
| 001 |
3887259 |
| 008 |
100125s1990 caua b 000 0 eng d |
| 010 |
|
|
|a 90008240
|
| 020 |
|
|
|a 0803929587
|
| 020 |
|
|
|a 0803929595 (pbk.)
|
| 040 |
|
|
|a DLC
|c DLC
|d DLC
|d DB-DhAAL
|
| 082 |
0 |
0 |
|a 300/.723
|2 20
|
| 100 |
1 |
|
|a Henry, Gary T.
|
| 245 |
1 |
0 |
|a Practical sampling /
|c Gary T. Henry.
|
| 260 |
|
|
|a Newbury Park :
|b Sage Publications,
|c c1990.
|
| 300 |
|
|
|a 139 p. :
|b ill. ;
|c 22 cm.
|
| 490 |
0 |
|
|a Applied social research methods series ;
|v v. 21
|
| 504 |
|
|
|a Includes bibliographical references (p. 137-138).
|
| 541 |
1 |
|
|e 00005746
|
| 650 |
|
0 |
|a Sampling (Statistics)
|
| 650 |
|
0 |
|a Social surveys.
|
| 852 |
4 |
|
|a Ayesha Abed Library
|j General Shelf.
|
| 999 |
|
|
|c 10419
|d 10419
|
| 952 |
|
|
|0 0
|1 0
|2 ddc
|4 0
|6 300_723000000000000_HEN_1990
|7 0
|9 14293
|a BRACUL
|b BRACUL
|c GEN
|d 2011-01-31
|g 0.00
|l 1
|o 300.723 HEN
|p 3010005746
|r 2011-02-06
|s 2011-01-31
|t 1
|w 2011-01-31
|y BK
|z Not price in Register
|